Vista normal Vista MARC

Entrada Materia (tema)

Número de registros utilizados en: 1

001 - CONTROL NUMBER

  • control field: 172814

003 - CONTROL NUMBER IDENTIFIER

  • control field: Co-BoUCM

005 - DATE AND TIME OF LATEST TRANSACTION

  • control field: 20220111092712.0

008 - FIXED-LENGTH DATA ELEMENTS

  • fixed length control field: 220111|| aca||aabn | a|a d

040 ## - CATALOGING SOURCE

  • Original cataloging agency: Co-BoUCM
  • Transcribing agency: Co-BoUCM

150 ## - HEADING--TOPICAL TERM

  • Topical term or geographic name as entry element: Derecho administrativo
  • Form subdivision: Enseñanza
  • General subdivision: Historia
  • Geographic subdivision: Colombia

670 ## - SOURCE DATA FOUND

  • Source citation: Work cat.: (Co-BoUCM): 82001 Malagón Pinzón, Miguel Alejandro, Historia de la formación y la enseñanza de la ciencia administrativa y el derecho administrativo en Colombia (1826-1939), 2019